Analysis 2 / (Record no. 175356)

000 -LEADER
fixed length control field 01035 a2200193 4500
003 - CONTROL NUMBER IDENTIFIER
control field NUST
020 ## - INTERNATIONAL STANDARD BOOK NUMBER
International Standard Book Number 81-7319-201-4
082 ## - DEWEY DECIMAL CLASSIFICATION NUMBER
Classification number 515,LIE
100 1# - MAIN ENTRY--PERSONAL NAME
Personal name Lieb, Elliott H.
9 (RLIN) 8779
245 10 - TITLE STATEMENT
Title Analysis 2 /
Statement of responsibility, etc. Elliott H. Lieb, Michael Loss.
260 ## - PUBLICATION, DISTRIBUTION, ETC.
Place of publication, distribution, etc. [S.l.] :
Name of publisher, distributor, etc. American Mathematical Society,
Date of publication, distribution, etc. 1997
300 ## - PHYSICAL DESCRIPTION
Extent 278p. :
Dimensions 27 cm.
490 1# - SERIES STATEMENT
Series statement Graduate studies in mathematics.
505 ## - FORMATTED CONTENTS NOTE
Formatted contents note Measure and Integration (Page-1), Lp-Spaces (Page-35), Rearrangement Inequalities (Page-71), Integral Inequalities (Page-89), The Fourier Transform (Page-115), Distributions (Page-127), The Sobolev Spaces H1 and H 1/2 (Page-157), Sobolev Inequalities (Page-183), Potential Theory and Coulomb Energies (Page-201), Regularity of Solutions of Poisson's Equation (Page-221), Introduction to the Calculus of Variations (Page-231).
700 1# - ADDED ENTRY--PERSONAL NAME
Personal name Lieb, Elliott H.
9 (RLIN) 8779
830 #0 - SERIES ADDED ENTRY--UNIFORM TITLE
Uniform title Graduate studies in mathematics.
9 (RLIN) 8780
856 40 - ELECTRONIC LOCATION AND ACCESS
Materials specified Amazon.com
Uniform Resource Identifier <a href="http://www.amazon.com/exec/obidos/ASIN/0821827839/chopaconline-20">http://www.amazon.com/exec/obidos/ASIN/0821827839/chopaconline-20</a>
942 ## - ADDED ENTRY ELEMENTS (KOHA)
Source of classification or shelving scheme
Koha item type Book
Call number prefix 515,LIE
Holdings
Withdrawn status Lost status Source of classification or shelving scheme Damaged status Not for loan Permanent Location Current Location Shelving location Date acquired Full call number Barcode Date last seen Price effective from Koha item type Public note
          Military College of Signals (MCS) Military College of Signals (MCS) General Stacks 12/12/2016 515,LIE MCS26732 12/08/2016 12/12/2016 Book Almirah No.13, Shelf No.1
© 2023 Central Library, National University of Sciences and Technology. All Rights Reserved.